000 01143nam a22004330a 4500
001 PT52506
003 AR-LpoUNG
005 20210131231521.0
008 191001s2012||||ag |||||||||||||||||spa d
020 _a9789871326945
_c$44,66
040 _aAR-LpoUNG
_bspa
_cAR-LpoUNG
_eaacr
041 _aspa
044 _aag
082 0 _a982.024 512epi
100 1 _aChávez, Fermín
245 1 0 _aEpistemología para la periferia
250 _a1ra. ed.
260 _aRemedios de Escalada :
_bUNLa,
_c2012.
300 _a399 p. :
_bil., gráfs.
650 4 _aASPECTOS ECONOMICOS
650 4 _aASPECTOS EDUCATIVOS
650 4 _aASPECTOS POLITICOS
650 4 _aCOLONIALISMO
650 4 _aESTADO
650 4 _aFACTORES CULTURALES
650 4 _aFILOSOFIA
650 4 _aHISTORIA POLITICA
650 4 _aHISTORIA SOCIAL
650 4 _aIDEOLOGIAS POLITICAS
650 4 _aINTELECTUALES
650 4 _aNACION
650 4 _aNACIONALISMO
651 4 _aDOCUMENTOS TEORICOS O METODOLOGICOS
653 _aHISTORICISMO
653 _aREVISIONISMO HISTORICO
700 1 _aJaramillo, Ana
_ecomp.
905 _a52506
942 _cLIB
999 _c10478
_d10478